Welcome to WEB OPAC of MRSPTU Central Library

The Mind Menu (Record no. 9966)

MARC details
000 -LEADER
fixed length control field 00453nam a22001577a 4500
003 - CONTROL NUMBER IDENTIFIER
control field OSt
005 - DATE AND TIME OF LATEST TRANSACTION
control field 20240403123053.0
008 - FIXED-LENGTH DATA ELEMENTS--GENERAL INFORMATION
fixed length control field 240403b |||||||| |||| 00| 0 eng d
040 ## - CATALOGING SOURCE
Transcribing agency Central Library MRSPTU
100 ## - MAIN ENTRY--PERSONAL NAME
Personal name Jonny Chuter
245 ## - TITLE STATEMENT
Title The Mind Menu
Remainder of title A Practical Guide to Creating the Life You want Through the Power of Your Thoughts
250 ## - EDITION STATEMENT
Edition statement 1st
260 ## - PUBLICATION, DISTRIBUTION, ETC.
Place of publication, distribution, etc. Bhopal
Name of publisher, distributor, etc. Indra Publishing House
Date of publication, distribution, etc. 2009
300 ## - PHYSICAL DESCRIPTION
Extent 248
942 ## - ADDED ENTRY ELEMENTS (KOHA)
Source of classification or shelving scheme Dewey Decimal Classification
Koha item type Book
Suppress in OPAC No
Holdings
Withdrawn status Lost status Source of classification or shelving scheme Damaged status Not for loan Collection Home library Current library Date acquired Total checkouts Barcode Date last seen Date last checked out Price effective from Koha item type
    Dewey Decimal Classification     BK MRSPTU Central Library MRSPTU Central Library 04/03/2024 10 G-134 02/23/2026 01/27/2026 04/03/2024 Book

Website Designed and Developed by MRSPTU Central Library Team

E-mail Id: librarian@mrsptu.ac.in